| 000 | 00721nam a2200241 a 4500 | ||
|---|---|---|---|
| 001 | 31378 | ||
| 003 | BD-RjUL | ||
| 005 | 20211209051708.0 | ||
| 008 | 140415s1956 ne a 001 0 eng d | ||
| 035 | _a(BD-RjUL)31465 | ||
| 040 |
_aBD-RjUL _beng _cBD-RjUL _dBD-RjUL |
||
| 041 | _aeng | ||
| 082 |
_a164 _bROC 1956 |
||
| 100 | 1 |
_aRobinson, Abraham, _d1918-1974. _995478 |
|
| 245 | 1 | 0 |
_aComplete theories / _cAbraham Robinson |
| 260 |
_aAmsterdam : _bNorth-Holland, _c1956 |
||
| 300 |
_a129 p. ; _c22 cm |
||
| 504 | _aBibliography: p. 126-127 | ||
| 650 | 0 |
_aAlgebra _995479 |
|
| 650 | 0 |
_aLogic, Symbolic and mathematical _995480 |
|
| 830 | 0 |
_aStudies in logic and the foundations of mathematics _995482 |
|
| 942 |
_2ddc _cBK |
||
| 999 |
_c31378 _d31378 |
||